Danmarks C25-indeks (2021) - Statistics

General Stats
  • This quiz has been taken 233 times
    83 since last reset
  • The average score is 8 of 25
Answer Stats
Hint Answer % Correct
Søfragt A.P. Møller – Mærsk A
95%
Søfragt A.P. Møller – Mærsk B
95%
Lægemidler Novo Nordisk B
84%
Bryggeri Carlsberg B
77%
Finans Danske Bank
61%
Energi Vestas Wind Systems
53%
Energi Ørsted
50%
Forsikring Tryg
42%
Transport DSV Panalpina
37%
Enzymer Novozymes B
32%
Bryggeri Royal Unibrew
26%
Sundhedspleje Coloplast B
24%
Byggematerialer Rockwool International B
21%
Bioteknologi Bavarian Nordic
18%
Serviceydelser ISS
15%
Sundhedspleje Ambu
13%
IT-løsninger Netcompany Group
11%
Forbrugsgoder Pandora
11%
Lægemidler Lundbeck
10%
Sundhedspleje Demant
8%
Bioteknologi Genmab
8%
Sundhedspleje GN Store Nord
8%
Anlæg FLSmidth & Co.
6%
Konsumentvarer Chr. Hansen Holding
3%
IT-løsninger/Fintech SimCorp
2%
No matching quizzes found
Score Distribution
Percent of People with Each Score
Percentile by Number Answered
Your Score History
You have not taken this quiz since the last reset